000
00243 a2200097 4500
001
53259
100
_a
Stephons, H S
245
_a
Advances in road vehicles aerodynamics 1973
260
_a
Cranfield
_b
Bhra Publishing
_c
090
_c
33544
_d
33544
942
_a
NUST-CAE
_c
M
_c
26163
999
_c
288332
_d
288332